000 00623nam a22002297a 4500
003 UA-OsUOA
001 93376
007 ta
008 20130118b un ||||| |||| 00| 0 ukr d
100 _aГоголь Н.
090 _a821.161.1
_bГ58
942 _cBK
040 _aUA-OsUOA
_brus
_cUA-OsUOA
_dUA-OsUOA
245 _aМертвые души
_bпоэма
300 _a415 с.
955 _a3
041 _arus
080 _a821.161.1
260 _aМ.
_bХудождественная литература
_c1983
650 7 _a82 Література. Літературознавство
_2UDC
999 _c379626
_d379626